000 00731nam a2200217Ia 4500
001 14795
003 GE_BSU
008 181216s||||||||xx |||||||||||||| ||und||
040 _cGE_BSU
080 _a517.9
100 _aАткинсон,Ф
245 _aДискретные и непрерывные граничные задачи
245 _cПод.ред.И.С.Каца и М.Г.Крейна. Пер. с англ. И.С.Иохвидова и Г.А. Каральник
260 _aМосква
260 _bМир
260 _c1968
300 _a749стр.22см.
300 _eуказатель стр.738
653 _aДискретные и непрерывные граничные задачи
942 _cBK
999 _c47918
_d47918